000 00808nam a2200241Ia 4500
003 OSt
005 20220923211252.0
006 a|||||r|||| 00| 0
007 ta
008 220922b |||||||| |||| 00| 0 pan d
020 _a9788178835426 (hbk)
_c300
024 _a240,433
037 _b7501/7, 19/11/2009, Arsee Publishers
_cTextual
040 _aARTS
_cARTS
_bpan
041 _2pan
_apan
082 _aO153,3NSE,VI, P9
100 _aਸੇਖਾ, ਜਰਨੈਲ ਸਿੰਘ
_9156315
245 0 _aਵਿਗੋਚਾ
260 _aਲੁਧਿਆਣਾ
_b ਚੇਤਨਾ ਪ੍ਰਕਾFਨ
_c2009
300 _a324ਪੰ
_ccm.
942 _hO153,3NSE,VI, P9
_cTEXL
_2CC
999 _c297983
_d297983